000 01597nam0a2200361 i 4500
001 RU\NLR\bibl\1917400
005 20260405184420.0
010 _a9785864716199
_95000
021 _aRU
_b2012-41088
_93036
035 _a(NLR Aleph) 001906886
090 _a3122907
_c3122907
100 _a20120625d2012 u y0rusy50 ca
101 1 _arus
_ceng
102 _aRU
105 _ay |||||||||
200 1 _aВторая книга всеобщих заблуждений
_dThe second book of general ignorance
_fДжон Ллойд и Джон Митчинсон
_g[пер. с англ. А. Рахубы]
_gQI [телепередача]
_zeng
210 _aМосква
_cPhantom press
_d2012
215 _a414, [1] с.
_d21
225 1 _aЕще одна Весьма Интересная книга
225 1 _aСтивен Фрай представляет
300 _aАвт. также на англ. яз.: J. Lloyd, J. Mitchinson
510 0 _6z20790
_aThe second book of general ignorance
_zeng
606 1 _aНаучно-популярная литература
_91713164
_3RU\NLR\auth\66763730
686 _aЯ9
700 1 _4070
_8rus
_7ca
_aЛлойд
_bД.
_f1951-
_gДжон
_3RU\NLR\auth\7780843
_963771
701 1 _4070
_8rus
_7ca
_aМитчинсон
_bД.
_f1963-
_gДжон
_3RU\NLR\auth\7780875
_963803
790 1 _4070
_8eng
_7ba
_aLloyd
_bJ.
_f1951-
_gJohn
_3RU\NLR\auth\7780844
_963772
790 1 _4070
_8eng
_7ba
_aMitchinson
_bJ.
_f1963-
_gJohn
_3RU\NLR\auth\7780877
_963805
801 0 _aRU
_bNLR
_c20120625
_gRCR
801 1 _aRU
_bNLR
_c20120625
942 _cBOOK
980 _aNBR